LEADER 01078cam0 22003011 450 001 SOBE00061060 005 20181218130639.0 010 $a8876058389 100 $a20181218d1994 |||||ita|0103 ba 101 $aita 102 $aIT 200 1 $aPoi dice che uno si butta a sinistra!$e[ovvero per la prima volta tutti gli sketch integrali e le battute piu divertenti di tutti i film di Totò]$fEnrico Giacovelli 210 $aMilano$cGremese$d1994 215 $a310 p.$cill.$d25 cm 225 2 $aflap 300 $aComplemento del titolo in copertina 410 1$1$12001 $aI *flap 700 1$aGiacovelli$b, Enrico$3AF00004302$4070$0144305 702 0$a*Totò$3SOBA00018179$4070 801 0$aIT$bUNISOB$c20181218$gRICA 850 $aUNISOB 852 $aUNISOB$j791.43$m170364 912 $aSOBE00061060 940 $aM 102 Monografia moderna SBN 941 $aM 957 $a791.43$b001278$gSI$d170364$n20181212$rdono$tN$1menle$2UNISOB$3UNISOB$420181218130535.0$520181218130639.0$6menle 996 $aPoi dice che uno si butta a sinistra$9813877 997 $aUNISOB LEADER 02205nlm 22003134a 450 001 996409349603316 005 20210329150005.0 010 $a0-511-01886-X 100 $a20010606d2002---- uy 0 101 0 $aeng 102 $aUS 135 $adrcnu 200 1 $aBeing Israeli$ethe dynamics of multiple citizenship$fGershon Shafir, Yoav Peled 210 1 $aCambridge$aNew York$cCambridge University Press$d2002 215 $aTesto elettronico (PDF) (XII, 397p.) 225 2 $aCambridge Middle East studies$v16 230 $aBase dati testuale 330 $aUno studio tempestivo di due noti studiosi offre un resoconto teoricamente informato della sociologia politica di Israele. L'analisi è inserita nel suo contesto storico in quanto gli autori tracciano lo sviluppo di Israele dall'insediamento sionista negli anni ottanta dell'Ottocento, attraverso la costituzione dello Stato nel 1948, fino ai giorni nostri. In questo contesto, gli autori speculano sulla relazione tra identità e cittadinanza nella società israeliana e considerano i diritti, i doveri ei privilegi differenziati che vengono accordati ai diversi strati sociali. In questo modo dimostrano che, nonostante le continue tensioni, la pressione della globalizzazione e della liberalizzazione economica ha gradualmente trasformato Israele da una società di frontiera a una più orientata alla pace e al profitto privato. Questa conclusione inaspettata offre un certo incoraggiamento per il futuro di questa regione travagliata. Tuttavia, la posizione di Israele verso il processo di pace è ancora soggetta a un tiro alla fune tra due concezioni di cittadinanza: cittadinanza liberale da un lato, e una combinazione dei resti della cittadinanza repubblicana associata all'insediamento coloniale con una sempre più religiosa definita cittadinanza etno-nazionalista, dall'altro. 410 0$aCambridge Middle East studies$v,16 606 0 $aCittadinanza$yIsraele$2BNCF 676 $a323.6095694 700 1$aSHAFIR,$bGershon$0540248 701 1$aPELED,$bYoav$0648977 801 0$bcba$aIT$bcba$gREICAT 912 $a996409349603316 959 $aEB 969 $aER 996 $aBeing Israeli$91770712 997 $aUNISA